000122306 001__ 122306
000122306 005__ 20230210172229.0
000122306 0248_ $$2innovaciondocente$$a3299
000122306 037__ $$aINNODOC-2014-3299
000122306 041__ $$aspa
000122306 100__ $$0(orcid)0000-0002-8072-2390$$aSalavera Bordas, Carlos Enrique$$ecoord.
000122306 245__ $$aTrabajo con los moldes cognitivos como método de manejo de la ansiedad ante los exámenes en alumnos de Magisterio Infantil y Primaria, Terapia Ocupacional, Relaciones Laborales.
000122306 260__ $$aZaragoza$$bUniversidad de Zaragoza$$c2014
000122306 5203_ $$aCuando hablamos de moldes cognitivos, se trata de conocer las estrategias cognitivo-conductuales (moldes mentales) utilizadas para anticipar, interpretar, reaccionar, evaluar y explicar la realidad del sujeto. Los moldes mentales van a determinar la adaptación, capacidad de manejo de las emociones y la eficacia y eficiencia académica y laboral. Conocer los moldes cognitivos facilita al alumno/a la comprensión, manejo y modificación de sus pensamientos, emociones y comportamientos, en este caso concreto, frente a los exámenes. Los alumnos en grupos, con materiales colgados en moodle, elaborarán distintos tipos de moldes mentales desde tres vertientes: 1) moldes asociados a bajo bienestar subjetivo (infravaloración y depresión); 2) moldes asociados a bojo bienestar subjetivo (disociación o conflicto con la realidad); y 3) moldes asociados a alto bienestar subjetivo (control, equilibrio emocional y disposición constructiva), todo ello respecto a su ansiedad en los exámenes, cuestiones que se trabajarán con el equipo del proyecto.
000122306 540__ $$9info:eu-repo/semantics/openAccess$$a$$u
000122306 700__ $$0(orcid)0000-0002-6445-9203$$aCarrón Sánchez, José
000122306 700__ $$0(orcid)0000-0003-1702-3308$$aAntoñanzas Laborda, José Luis
000122306 700__ $$0(orcid)0000-0002-8201-0469$$aBustamante , Juan Carlos
000122306 700__ $$0(orcid)0000-0002-3852-039X$$aJarie , Laurane
000122306 700__ $$0(orcid)0000-0003-3939-5137$$aMonteagudo Egea, Lucía
000122306 700__ $$0(orcid)0000-0002-3115-0197$$aBericat Alastuey, María Carmen
000122306 700__ $$aLarrosa Montañés, María Soledad
000122306 700__ $$0(orcid)0000-0003-3789-3781$$aUsán Supervía, Pablo
000122306 700__ $$0(orcid)0000-0001-7126-524X$$aTeruel Melero, Pilar
000122306 700__ $$aNoé López, Raquel
000122306 8564_ $$s547430$$uhttps://zaguan.unizar.es/record/122306/files/memoria_PRAUZ_2014_3299.pdf$$yMemoria del proyecto
000122306 970__ $$aINNODOC-2014-3299
000122306 980__ $$aINNODOC$$bPRAUZ